000 00736cam a2200265 4500500
005 20260405003843.0
041 _afre
042 _adc
100 1 0 _aEltchaninoff, Michel
_eauthor
245 0 0 _aGéopolitique de la zombification
260 _c2024.
500 _a6
690 _aArme
690 _aBêtise
690 _aChine
690 _aEspionnage
690 _aÉtats-Unis
690 _aMichel Eltchaninoff
690 _aNoosphère
690 _aSoftpower
690 _aTeilhard de Chardin
690 _aTikTok
786 0 _nPhilosophie magazine | 181 | 6 | 2024-07-01 | p. 27-27 | 1951-1787
856 4 1 _uhttps://shs.cairn.info/magazine-philosophie-magazine-2024-6-page-27?lang=fr&redirect-ssocas=7080
999 _c2071470
_d2071470